Resistances of psychoanalysis / (Record no. 14563)

000 -LEADER
fixed length control field 01616cam a2200385 a 4500
001 - CONTROL NUMBER
control field 2600128
005 - DATE AND TIME OF LATEST TRANSACTION
control field 20170105102858.0
008 - FIXED-LENGTH DATA ELEMENTS--GENERAL INFORMATION
fixed length control field 971103s1998 cau b 000 0 eng
010 ## - LIBRARY OF CONGRESS CONTROL NUMBER
LC control number 97045151
020 ## - INTERNATIONAL STANDARD BOOK NUMBER
International Standard Book Number 0804730180 (cloth : alk. paper)
020 ## - INTERNATIONAL STANDARD BOOK NUMBER
International Standard Book Number 0804730199 (pbk. : alk. paper)
040 ## - CATALOGING SOURCE
Original cataloging agency DLC
Transcribing agency DLC
Modifying agency DLC
041 1# - LANGUAGE CODE
Language code of text/sound track or separate title eng
Language code of original fre
050 00 - LIBRARY OF CONGRESS CALL NUMBER
Classification number RC509
Item number .D4713 1998
082 00 - DEWEY DECIMAL CLASSIFICATION NUMBER
Classification number 150.19/5
Edition number 21
100 1# - MAIN ENTRY--PERSONAL NAME
Personal name Derrida, Jacques.
240 10 - UNIFORM TITLE
Uniform title Résistances de la psychanalyse.
Language of a work English
245 10 - TITLE STATEMENT
Title Resistances of psychoanalysis /
Statement of responsibility, etc. Jacques Derrida ; translated b Peggy Kamuf, Pascale-Anne Brault & Michael Naas.
260 ## - PUBLICATION, DISTRIBUTION, ETC.
Place of publication, distribution, etc. Stanford, Calif. :
Name of publisher, distributor, etc. Stanford University Press,
Date of publication, distribution, etc. 1998.
300 ## - PHYSICAL DESCRIPTION
Extent ix, 130 p. ;
Dimensions 23 cm.
490 1# - SERIES STATEMENT
Series statement Meridian : crossing aesthetics
504 ## - BIBLIOGRAPHY, ETC. NOTE
Bibliography, etc. note Includes bibliographical references (p. 119-128).
600 10 - SUBJECT ADDED ENTRY--PERSONAL NAME
Personal name Freud, Sigmund,
Dates associated with a name 1856-1939.
600 10 - SUBJECT ADDED ENTRY--PERSONAL NAME
Personal name Lacan, Jacques,
Dates associated with a name 1901-1981.
600 10 - SUBJECT ADDED ENTRY--PERSONAL NAME
Personal name Foucault, Michel,
Dates associated with a name 1926-1984.
650 #0 - SUBJECT ADDED ENTRY--TOPICAL TERM
Topical term or geographic name entry element Psychoanalysis.
650 #0 - SUBJECT ADDED ENTRY--TOPICAL TERM
Topical term or geographic name entry element Resistance (Psychoanalysis)
830 #0 - SERIES ADDED ENTRY--UNIFORM TITLE
Uniform title Meridian (Stanford, Calif.)
856 42 - ELECTRONIC LOCATION AND ACCESS
Materials specified Publisher description
Uniform Resource Identifier <a href="http://www.loc.gov/catdir/description/cam028/97045151.html">http://www.loc.gov/catdir/description/cam028/97045151.html</a>
856 41 - ELECTRONIC LOCATION AND ACCESS
Materials specified Table of contents
Uniform Resource Identifier <a href="http://www.loc.gov/catdir/toc/cam028/97045151.html">http://www.loc.gov/catdir/toc/cam028/97045151.html</a>
856 42 - ELECTRONIC LOCATION AND ACCESS
Materials specified Contributor biographical information
Uniform Resource Identifier <a href="http://www.loc.gov/catdir/enhancements/fy0710/97045151-b.html">http://www.loc.gov/catdir/enhancements/fy0710/97045151-b.html</a>
906 ## - LOCAL DATA ELEMENT F, LDF (RLIN)
a 7
b cbc
c orignew
d 1
e ocip
f 19
g y-gencatlg
942 ## - ADDED ENTRY ELEMENTS (KOHA)
Source of classification or shelving scheme
Koha item type Book
Holdings
Withdrawn status Lost status Damaged status Not for loan Collection code Permanent Location Current Location Shelving location Date acquired Total Checkouts Full call number Barcode Date last seen Date last checked out Price effective from Koha item type
          Centre for International Peace & Stability (CIPS) Centre for International Peace & Stability (CIPS) General Stacks 09/10/2013 1 150.195 DER 1998 CIPS0000993 02/17/2026 01/21/2026 09/12/2013 Book
© 2023 Central Library, National University of Sciences and Technology. All Rights Reserved.